000 00632nam a2200253Ia 4500
003 OSt
005 20220912151204.0
006 a|||||r|||| 00| 0
007 ta
008 220909b |||||||| |||| 00| 0 eng d
024 _a47488
037 _cTextual
040 _aCSL
_beng
_cCSL
041 _aeng
082 _aH5, M7
100 _aOzima M
245 0 _aGeohistory: Global evolution of the earth
260 _aNew York
_b Springer-Verlag
_c1987
300 _aviii, 165p.
_ccm.
650 _a Stratigraphy
650 _aGeology
942 _hH5, M7
_cTEXL
_2CC
999 _c63179
_d63179